ARRUPE JESUIT UNIVERSITY

CORONAVIRUS -STOP THE SPREAD - CLEAN,DISINFECT,COVER

The Invisible hand (Record no. 119560)

MARC details
000 -LEADER
fixed length control field 00475nam a22001697a 4500
008 - FIXED-LENGTH DATA ELEMENTS--GENERAL INFORMATION
fixed length control field 140114b xxu||||| |||| 00| 0 eng d
020 ## - INTERNATIONAL STANDARD BOOK NUMBER
International Standard Book Number 9780141036816
050 ## - LIBRARY OF CONGRESS CALL NUMBER
Classification number HB161.S652 2008
100 ## - MAIN ENTRY--PERSONAL NAME
Personal name Smith, Adam
9 (RLIN) 6633
245 ## - TITLE STATEMENT
Title The Invisible hand
260 ## - PUBLICATION, DISTRIBUTION, ETC. (IMPRINT)
Place of publication, distribution, etc Harmondsworth
Name of publisher, distributor, etc Penguin Books
Date of publication, distribution, etc 2008
300 ## - PHYSICAL DESCRIPTION
Extent 127p.
Dimensions 18cm
440 ## - SERIES STATEMENT/ADDED ENTRY--TITLE
Title Great ideas
Number of part/section of a work n.44
9 (RLIN) 6634
650 ## - SUBJECT ADDED ENTRY--TOPICAL TERM
Topical term or geographic name as entry element Economics
9 (RLIN) 6635
650 ## - SUBJECT ADDED ENTRY--TOPICAL TERM
Topical term or geographic name as entry element Classical school of economics
9 (RLIN) 6636
942 ## - ADDED ENTRY ELEMENTS (KOHA)
Source of classification or shelving scheme Library of Congress Classification
Item type Monograph ( Printed materials)
Holdings
Withdrawn status Lost status Source of classification or shelving scheme Damaged status Not for loan Home library Current library Date acquired Total Checkouts Full call number Barcode Date last seen Date last borrowed Price effective from Koha item type
    Library of Congress Classification     ARRUPE LIBRARY ARRUPE LIBRARY 14/01/2014 1 HB161.S652 2008 464122507 26/10/2018 12/10/2018 14/01/2014 Monograph ( Printed materials)

 

Arrupe Library. PO Box MP320 Mt Pleasant, Harare, Zimbabwe
263 242 745411|librarian@aju.ac.zw